| 000 | 00435nam a22001577a 4500 | ||
|---|---|---|---|
| 020 | _a81-314-1363-2 | ||
| 082 |
_a658-477 _bSAB/D |
||
| 100 | _aSABITHA , A | ||
| 245 |
_aDISASTER MANAGEMENT _bLEGAL AND POLICY PERCEPTIONS |
||
| 246 |
_aDISASTER MANAGEMENT _bLEGAL AND POLICY PERCEPTIONS |
||
| 260 |
_aHYDERABAD _bTHE ICFAI UNIVERSITY PRESS _c2007 |
||
| 300 | _a295 | ||
| 520 | _aSOCIAL SCIENCE | ||
| 650 | _aSOCIAL SCIENCE | ||
| 942 | _cBK | ||
| 999 |
_c1512 _d1512 |
||